MARC

LEADER 00000nam0a2200000 4500
001 365245
005 20231102011751.0
035 |a (RuTPU)RU\TPU\retro\22608 
090 |a 365245 
100 |a 20211220d1981 km y0rusy50 ca 
101 0 |a rus 
102 |a RU 
105 |a a g 001zy 
200 1 |a Методы и приборы для исследования проявлений горного давления  |e справочник  |f К. А. Ардашев,Г. А. Катков, В. И. Ахматов 
210 |a Москва  |c Недра  |d 1981 
215 |a 129 с.  |c ил. 
320 |a Библиогр.: с. 128 
606 1 |a Горное давление  |x Исследование  |x Измерение  |x Определение  |2 stltpush  |3 (RuTPU)RU\TPU\subj\7554  |9 35165 
610 1 |a проявления 
610 1 |a методы 
610 1 |a приборы 
610 1 |a справочники 
610 1 |a измерительная техника 
675 |a 622.831.1(035)  |v 4 
700 1 |a Ардашев  |b К. А.  |g Константин Аркадьевич 
701 1 |a Катков  |b Г. А.  |g Владимир Иванович 
701 1 |a Катков  |b Г. А.  |g Геннадий Алексеевич 
701 1 |a Ахматов  |b В. И.  |g Владимир Иванович 
801 1 |a RU  |b 63413507  |c 20211220 
801 2 |a RU  |b 63413507  |c 20211220  |g RCR 
942 |c BK